000 01310nam0a2200337 4500
001 RU\NLR\BIBL_A\022720143
005 20260403112231.0
010 _a978-5-04-226075-9
_93000
021 _aRU
_bКН-П-25-078370
_9КН-П-25-7595
035 _a(NLR Aleph) 022720143
090 _a13650132
_c13650132
100 _a20260205d2025 u y0rusy50 ca
101 0 _arus
102 _aRU
105 _aa|||z|||000ay
181 0 _ai3
_baxxe
182 0 _an
200 1 _aЛовушка для стервятника
_fЕвгений Сухов
_gиллюстрация Алексея Дурасова
203 _aТекст
_bвизуальный
_cнепосредственный
210 _aМосква
_cЭксмо
_d2025
215 _a508, [1] с.
_cил.
_d17
225 1 _aТревожная весна 45-го
_eпослевоенный детектив
333 _a16+
686 1 _aШ6(2=Р)8-446
700 1 _aСухов
_bЕ. Е.
_cписатель, д-р геол.-минерал. наук
_f1959-
_gЕвгений Евгеньевич
_3RU\NLR\AUTH\775048
702 1 _aДурасов
_bА. А.
_f1962-
_gАлексей Александрович
_4440
942 _cBOOK
980 _aNB